| 000 | 00660nam a22001935i 4500 | ||
|---|---|---|---|
| 001 | 169398 | ||
| 003 | ES-MaACL | ||
| 005 | 20231216062912.0 | ||
| 008 | 080908q19501959sp |||| | spa d | ||
| 080 | _a930.1 | ||
| 100 | 1 |
_aPérez de Tudela y Bueso, Juan, _d1922-2004 _990810 |
|
| 245 | 1 | 0 |
_aNuestra universalidad y el magisterio histórico / _cJuan Pérez de Tudela Bueso. |
| 260 |
_aMadrid : _b[s.n., _c195-?] |
||
| 300 |
_aP. [113]-166 ; _c23 cm. |
||
| 595 | _aSeparata de: Revista de la Universidad de Madrid, Vol. XII, nº 45. | ||
| 650 | 1 | 4 |
_aHistoriografía. _913439 |
| 852 |
_aES-MaACL _j2234-F-22 _9R.142416 |
||
| 999 |
_c169398 _d169398 |
||